000 00451nam a2200157 i 4500
001 48917
003 ES-MaACL
005 20230906161839.0
007 t|
008 030702s1976 kn ||||1| spa d
245 0 0 _aCorea debe ser reunificada de manera independiente.
260 _aPyongyang :
_bEdiciones en Lenguas Extranjeras,
_c1976.
300 _a237 p. ;
_c19 cm.
852 _aES-MaACL
_jA-6397
_bR.95656
852 _aES-MaACL
_jA-6398
_bR.95655
999 _c48917
_d48917